Rediscovering pastoral ministry : (Record no. 105)
[ view plain ]
| 000 -LEADER | |
|---|---|
| fixed length control field | 01252cam a2200301 a 4500 |
| 001 - CONTROL NUMBER | |
| control field | 4923718 |
| 003 - CONTROL NUMBER IDENTIFIER | |
| control field | GBCCL |
| 005 - DATE AND TIME OF LATEST TRANSACTION | |
| control field | 20241126110330.0 |
| 008 - FIXED-LENGTH DATA ELEMENTS--GENERAL INFORMATION | |
| fixed length control field | 950213s1995 txu b 001 0 eng |
| 010 ## - | |
| -- | 95006452 |
| 020 ## - INTERNATIONAL STANDARD BOOK NUMBER | |
| International Standard Book Number | 0849910927 |
| 040 ## - CATALOGING SOURCE | |
| Original cataloging agency | DLC |
| Transcribing agency | DLC |
| Modifying agency | DLC |
| 050 00 - | |
| -- | BV4011 |
| -- | .M34 1995 |
| 082 00 - DEWEY DECIMAL CLASSIFICATION NUMBER | |
| Classification number | 253 |
| Edition information | 20 |
| Item number | MAC |
| 100 1# - MAIN ENTRY--PERSONAL NAME | |
| Personal name | MacArthur, John, |
| Dates associated with a name | 1939- |
| 9 (RLIN) | 1165 |
| 245 10 - TITLE STATEMENT | |
| Title | Rediscovering pastoral ministry : |
| Remainder of title | shaping contemporary ministry with biblical mandates / |
| Statement of responsibility, etc. | John MacArthur, Jr. and the Master's Seminary faculty ; John MacArthur, Jr., editor, Richard L. Mayhue, associate editor, Robert L. Thomas, associate editor. |
| 260 ## - PUBLICATION, DISTRIBUTION, ETC. | |
| Place of publication, distribution, etc. | Dallas : |
| Name of publisher, distributor, etc. | Word Pub., |
| Date of publication, distribution, etc. | c1995. |
| 300 ## - PHYSICAL DESCRIPTION | |
| Extent | xvii, 439 p. ; |
| Dimensions | 25 cm. |
| 504 ## - BIBLIOGRAPHY, ETC. NOTE | |
| Bibliography, etc. note | Includes bibliographical references and indexes. |
| 650 #0 - SUBJECT ADDED ENTRY--TOPICAL TERM | |
| Topical term or geographic name entry element | Pastoral theology. |
| 9 (RLIN) | 414 |
| 650 #0 - SUBJECT ADDED ENTRY--TOPICAL TERM | |
| Topical term or geographic name entry element | Clergy |
| General subdivision | Office. |
| 9 (RLIN) | 299 |
| 700 1# - ADDED ENTRY--PERSONAL NAME | |
| Personal name | Mayhue, Richard. |
| 9 (RLIN) | 4658 |
| 700 1# - ADDED ENTRY--PERSONAL NAME | |
| Personal name | Thomas, Robert L., |
| Dates associated with a name | 1928- |
| 9 (RLIN) | 4659 |
| 856 42 - ELECTRONIC LOCATION AND ACCESS | |
| Materials specified | Publisher description |
| Uniform Resource Identifier | <a href="http://www.loc.gov/catdir/enhancements/fy0609/95006452-d.html">http://www.loc.gov/catdir/enhancements/fy0609/95006452-d.html</a> |
| 906 ## - LOCAL DATA ELEMENT F, LDF (RLIN) | |
| a | 7 |
| b | cbc |
| c | orignew |
| d | 1 |
| e | ocip |
| f | 19 |
| g | y-gencatlg |
| 942 ## - ADDED ENTRY ELEMENTS (KOHA) | |
| Source of classification or shelving scheme | Dewey Decimal Classification |
| Koha item type | Books |
| Koha issues (borrowed), all copies | 58 |
| Withdrawn status | Lost status | Source of classification or shelving scheme | Damaged status | Not for loan | Home library | Current Library | Shelving location | Date acquired | Total checkouts | Total renewals | Full call number | Barcode | Date last seen | Date last checked out | Copy number | Price effective from | Koha item type |
|---|---|---|---|---|---|---|---|---|---|---|---|---|---|---|---|---|---|
| Dewey Decimal Classification | GRACE BIBLE COLLEGE | GRACE BIBLE COLLEGE | Ministry & Mission | 2016-05-25 | 9 | 1 | 253 MAC | 005505 | 2025-06-30 | 2025-06-20 | c.1 | 2016-05-25 | Books | ||||
| Dewey Decimal Classification | GRACE BIBLE COLLEGE | GRACE BIBLE COLLEGE | Ministry & Mission | 2016-05-25 | 15 | 1 | 253 MAC | 011923 | 2025-08-20 | 2025-08-14 | c.2 | 2016-05-25 | Books | ||||
| Dewey Decimal Classification | GRACE BIBLE COLLEGE | GRACE BIBLE COLLEGE | Ministry & Mission | 2016-05-25 | 13 | 1 | 253 MAC | 011925 | 2025-06-24 | 2025-06-20 | c.4 | 2016-05-25 | Books | ||||
| Dewey Decimal Classification | GRACE BIBLE COLLEGE | GRACE BIBLE COLLEGE | Ministry & Mission | 2016-05-25 | 12 | 6 | 253 MAC | 011924 | 2025-06-30 | 2025-06-20 | c.3 | 2016-05-25 | Books | ||||
| Dewey Decimal Classification | GRACE BIBLE COLLEGE | GRACE BIBLE COLLEGE | Ministry & Mission | 2016-05-25 | 12 | 1 | 253 MAC | 011926 | 2025-06-27 | 2025-06-20 | c.5 | 2016-05-25 | Books | ||||
| Dewey Decimal Classification | GRACE BIBLE COLLEGE | GRACE BIBLE COLLEGE | Ministry & Mission | 2023-01-16 | 9 | 1 | 253 MAC | 020342 | 2025-08-19 | 2025-08-18 | c.6 | 2023-01-16 | Books |